00568nam a22001817a 450000500170000001000150001702000260003203500140005803700130007208200120008510000210009724500760011825000120019426000250020627000840023130000340031550000370034920181018155537.0 aENG-124328 a9789353064822c649.00 aEN-107860 bDBAD/PUB a658.404 aChandramouli, S. aPMP certification-excl with ease:cby S. Chandramoulibbased on PMBOK / a6th ed. aNoidabPearsonc2019 a15th Floor, Tower B, Worls Trade Tower, Plot No.1, Block -CbNoida (UP)e201301 axxiv, 550p.c24cm.(pbk)bill. aIt includes key points and index